| 000 | 00602nam a2200193 a 4500 | ||
|---|---|---|---|
| 001 | 000007397 | ||
| 005 | 20200929154145.0 | ||
| 008 | 090908s199u dr a 000 0 spa d | ||
| 040 |
_aDO-SdBNP _bspa _cBNPHU |
||
| 082 |
_a537.5 _bN964e |
||
| 100 | 1 |
_aNúñez, Modesto _920555 |
|
| 245 | 1 | 0 |
_aElectrónica : _banálisis lógico / _cModesto Núñez; Domingo Díaz. |
| 260 |
_aLa Vega : _bImpresos Andy, _c[s. f.]. |
||
| 300 |
_a384 p. : _bil. ; _c21 cm. |
||
| 590 | _aInventariado, 2020/BT | ||
| 650 | 4 |
_aElectrónica _920556 |
|
| 700 | 1 | 2 |
_aDíaz, Domingo, _920557 |
| 910 | _aValidado. Control de calidad EMS | ||
| 999 |
_c7178 _d7178 |
||